Generalized Heisenberg groups and Damek-Ricci harmonic spaces (Record no. 62106)

MARC details
000 -LEADER
fixed length control field 01043nam a2200349Ia 4500
003 - CONTROL NUMBER IDENTIFIER
control field OSt
005 - DATE AND TIME OF LATEST TRANSACTION
control field 20220912151134.0
008 - FIXED-LENGTH DATA ELEMENTS--GENERAL INFORMATION
fixed length control field 220909b |||||||| |||| 00| 0 eng d
020 ## - INTERNATIONAL STANDARD BOOK NUMBER
International Standard Book Number 3540590013 (Berlin:pbk)
037 ## - SOURCE OF ACQUISITION
Terms of availability Textual
040 ## - CATALOGING SOURCE
Original cataloging agency CSL
Language of cataloging eng
Transcribing agency CSL
041 ## - LANGUAGE CODE
Language code of text/sound track or separate title eng
100 ## - MAIN ENTRY--PERSONAL NAME
Personal name Berndt Jurgen
245 #0 - TITLE STATEMENT
Title Generalized Heisenberg groups and Damek-Ricci harmonic spaces
260 ## - PUBLICATION, DISTRIBUTION, ETC.
Place of publication, distribution, etc. Berlin
Name of publisher, distributor, etc. Springer-Verlag
Date of publication, distribution, etc. 1995
300 ## - PHYSICAL DESCRIPTION
Extent viii,125p
490 ## - SERIES STATEMENT
Series statement Lectures notes in Mathematics; 1598
500 ## - GENERAL NOTE
General note Bibliography 115-122p; Index 123-125p; ^n23/CSL/B/96-97/3445^b1996-08-29^mPurchase
650 ## - SUBJECT ADDED ENTRY--TOPICAL TERM
Topical term or geographic name entry element Differential
650 ## - SUBJECT ADDED ENTRY--TOPICAL TERM
Topical term or geographic name entry element Geometry
650 ## - SUBJECT ADDED ENTRY--TOPICAL TERM
Topical term or geographic name entry element Riemannian
650 ## - SUBJECT ADDED ENTRY--TOPICAL TERM
Topical term or geographic name entry element Mathematics
700 ## - ADDED ENTRY--PERSONAL NAME
Personal name Tricerri Franco
700 ## - ADDED ENTRY--PERSONAL NAME
Personal name Vanhecke Lieven
942 ## - ADDED ENTRY ELEMENTS (KOHA)
Classification part B6:3M5, N5
Koha item type Textual
Source of classification or shelving scheme Colon Classification (CC)
Holdings
Withdrawn status Lost status Damaged status Not for loan Home library Current library Date acquired Source of acquisition Total Checkouts Full call number Barcode Date last seen Price effective from Koha item type
        Central Science Library Central Science Library 2022-09-12 Narosa,   B6:3M5 N5 SL1173031 2022-09-12 2022-09-12 Textual
Copyright @ Delhi University Library System